[Event "Titled Tuesday intern op 16th Apr Early"]
[Site "Chess.com INT"]
[Date "2024.04.16"]
[Round "6"]
[White "Enkhrii, Enkh Amgalan"]
[Black "Emeliantsev, Anatoliy"]
[Result "1-0"]
[WhiteElo "1942"]
[BlackElo "2359"]
[PlyCount "83"]
[EventDate "2024.04.16"]
[EventType "swiss (blitz)"]
[EventRounds "11"]
[EventCountry "USA"]
[SourceTitle "CB17_2024"]
[SourceDate "2024.04.24"]
[SourceVersion "1"]
[SourceVersionDate "2024.04.24"]
[SourceQuality "1"]

1. e4 c5 2. Nf3 Nc6 3. d4 cxd4 4. Nxd4 Nf6 5. Nc3 e5 6. Ndb5 d6 7. Nd5 Nxd5 8. exd5 Ne7 9. c4 Nf5 10. Bd3 Be7 11. 0-0 0-0 12. Qc2 g6 13. a4 Bd7 14. Nc3 Rc8 15. a5 Nd4 16. Qd1 f5 17. f4 e4 18. Bxe4 Rxc4 19. Bd3 Rc8 20. Be3 Bf6 21. Rf2 Re8 22. Bc1 b5 23. axb6 Qxb6 24. Ra6 Qb8 25. Bf1 Nb3 26. Re2 Nc5 27. Ra3 Qb6 28. Be3 Rxe3 29. Rxe3 Nb7 30. Na4 Bxa4 31. Qxa4 Bd4 32. Kf2 Qxb2+ 33. Kf3 Bxe3 34. Rxe3 Nc5 35. Qc4 Qb7 36. g4 Qf7 37. gxf5 Qxf5 38. Bd3 Qh5+ 39. Kg2 Rf8 40. Rh3 Qh4 41. Rxh4 Rxf4 42. Rxf4 1-0

[Event "Titled Tuesday intern op 02nd Apr Early"]
[Site "Chess.com INT"]
[Date "2024.04.02"]
[Round "10"]
[White "Steiner, Tim C"]
[Black "Emeliantsev, Anatoliy"]
[Result "1-0"]
[WhiteElo "1864"]
[BlackElo "2359"]
[PlyCount "73"]
[EventDate "2024.04.02"]
[EventType "swiss (blitz)"]
[EventRounds "11"]
[EventCountry "USA"]
[SourceTitle "CB15_2024"]
[SourceDate "2024.04.10"]
[SourceVersion "1"]
[SourceVersionDate "2024.04.10"]
[SourceQuality "1"]

1. e4 c5 2. a3 e5 3. Bc4 Nf6 4. d3 Be7 5. Nc3 0-0 6. Nge2 a6 7. 0-0 b5 8. Ba2 Bb7 9. f4 d6 10. Ng3 Nc6 11. Nd5 exf4 12. Bxf4 Nd7 13. Nf5 Nde5 14. Qd2 Re8 15. h3 Kh8 16. Rf2 Bf8 17. Raf1 f6 18. Be3 Ne7 19. Nfxe7 Bxe7 20. Qe2 Bf8 21. Qh5 Bc8 22. Rf4 g6 23. Qe2 f5 24. exf5 Bxf5 25. Qf2 Bg7 26. Bd2 Nc6 27. Ne3 Nd4 28. g4 Be6 29. Bxe6 Nxe6 30. Rf7 Ng5 31. Rf3 Nxf3+ 32. Qxf3 Rf8 33. Qd5 Rxf1+ 34. Nxf1 Ra7 35. Ng3 Re7 36. Ne4 Be5 37. Bg5 1-0

[Event "Vladivostok Primorsky Debut"]
[Site "Vladivostok"]
[Date "2016.07.25"]
[Round "5"]
[White "Emeliantsev, Anatoliy"]
[Black "Rozum, Ivan"]
[Result "0-1"]
[WhiteElo "2361"]
[BlackElo "2581"]
[PlyCount "124"]
[EventDate "2016.07.21"]
[EventType "swiss"]
[EventRounds "9"]
[EventCountry "RUS"]
[SourceTitle "CBM 173 Extra"]
[Source "ChessBase"]
[SourceDate "2016.08.29"]
[SourceVersion "1"]
[SourceVersionDate "2016.08.29"]
[SourceQuality "1"]

1. c4 g6 2. e4 e5 3. Nf3 Bg7 4. d4 exd4 5. Nxd4 Nc6 6. Nc2 d6 7. Be2 Nge7 8. 0-0 0-0 9. Nc3 f5 10. exf5 Nxf5 11. Ne3 Nfd4 12. f4 Nxe2+ 13. Nxe2 Be6 14. f5 gxf5 15. Nf4 Qd7 16. Ned5 Bf7 17. Nh5 Bxh5 18. Qxh5 Qf7 19. Qh4 Rae8 20. Bh6 Re4 21. Qxe4 fxe4 22. Rxf7 Bd4+ 23. Be3 Bxe3+ 24. Nxe3 Rxf7 25. Rd1 Kg7 26. a3 Kf6 27. Rf1+ Ke6 28. Rxf7 Kxf7 29. Nd5 Na5 30. Nxc7 Nxc4 31. Kf2 Kf6 32. b3 Nxa3 33. g4 Ke5 34. g5 Kf5 35. h4 Kg4 36. Ne8 Nb5 37. Nf6+ Kxh4 38. Nxh7 Kh5 39. Ke3 Kg6 40. Nf6 Kxg5 41. Nxe4+ Kf5 42. Kd3 Ke5 43. b4 Kd5 44. Nf6+ Kc6 45. Kc4 Nc7 46. Kb3 d5 47. Ka4 Na8 48. Ka5 Nb6 49. b5+ Kc5 50. Ne4+ Kd4 51. Nc5 Nc4+ 52. Kb4 b6 53. Ne6+ Ke4 54. Kc3 Nd6 55. Nd4 Nf5 56. Nc6 Ke3 57. Nb4 d4+ 58. Kc4 Nd6+ 59. Kd5 Nxb5 60. Kc6 d3 61. Kxb5 d2 62. Nc2+ Ke4 0-1

[Event "Vladivostok Meridian op rap"]
[Site "Vladivostok"]
[Date "2015.07.19"]
[Round "4"]
[White "Maletin, Pavel"]
[Black "Emeliantsev, Anatoliy"]
[Result "1-0"]
[WhiteElo "2583"]
[BlackElo "2373"]
[PlyCount "73"]
[EventDate "2015.07.18"]
[EventType "swiss (rapid)"]
[EventRounds "11"]
[EventCountry "RUS"]
[SourceTitle "EXT 2016"]
[Source "ChessBase"]
[SourceDate "2015.10.08"]
[SourceVersion "1"]
[SourceVersionDate "2015.10.08"]
[SourceQuality "1"]

1. d4 Nf6 2. c4 g6 3. g3 Bg7 4. Bg2 0-0 5. Nc3 d6 6. Nf3 c5 7. d5 e6 8. 0-0 exd5 9. cxd5 Re8 10. Nd2 a6 11. a4 Nbd7 12. h3 Rb8 13. Nc4 Ne5 14. Na3 Nh5 15. e4 Bd7 16. a5 Qxa5 17. g4 Nf6 18. f4 Nexg4 19. hxg4 Nxg4 20. f5 Bd4+ 21. Kh1 Nf2+ 22. Rxf2 Bxf2 23. Bf4 Qd8 24. Qf3 Qh4+ 25. Bh2 Bd4 26. Nc4 b5 27. Nxd6 Be5 28. Qh3 Qxh3 29. Bxh3 Bxh2 30. Kxh2 Red8 31. Rxa6 b4 32. Nd1 Ra8 33. Rxa8 Rxa8 34. fxg6 Bxh3 35. gxf7+ Kf8 36. Kxh3 Ra1 37. Ne3 1-0

[Event "Vladivostok Meridian op rap"]
[Site "Vladivostok"]
[Date "2015.07.18"]
[Round "3"]
[White "Emeliantsev, Anatoliy"]
[Black "Shomoev, Anton"]
[Result "1/2-1/2"]
[WhiteElo "2373"]
[BlackElo "2578"]
[PlyCount "112"]
[EventDate "2015.07.18"]
[EventType "swiss (rapid)"]
[EventRounds "11"]
[EventCountry "RUS"]
[SourceTitle "EXT 2016"]
[Source "ChessBase"]
[SourceDate "2015.10.08"]
[SourceVersion "1"]
[SourceVersionDate "2015.10.08"]
[SourceQuality "1"]

1. d4 g6 2. c4 Bg7 3. Nc3 c5 4. e3 Nf6 5. Nf3 0-0 6. Be2 cxd4 7. Nxd4 Nc6 8. 0-0 d5 9. Nxc6 bxc6 10. Bd2 e5 11. cxd5 cxd5 12. f4 d4 13. fxe5 dxc3 14. exf6 cxd2 15. fxg7 Kxg7 16. Qb3 Qd6 17. Rad1 Kg8 18. Qc3 Rd8 19. Bf3 Ba6 20. Rf2 Rac8 21. Rfxd2 Qb6 22. Rxd8+ Rxd8 23. Rxd8+ Qxd8 24. Qd4 Qa5 25. h3 Bc8 26. Bd5 Be6 27. Bxe6 fxe6 28. a3 Qc7 29. Qc3 Qd7 30. Qd4 Qc7 31. Qc3 Qd7 32. e4 h5 33. Qf6 Kh7 34. e5 Qd4+ 35. Qf2 Qd7 36. Kh2 Qc7 37. Qd4 g5 38. Qd6 Qf7 39. Qd3+ Kh6 40. Qe3 h4 41. g3 hxg3+ 42. Kxg3 Qf5 43. b4 Kg6 44. b5 Qb1 45. a4 Qb4 46. Qd3+ Kh6 47. Qd6 Qf4+ 48. Kg2 Qe4+ 49. Kf2 Qf5+ 50. Kg2 Qc2+ 51. Kg3 Qb3+ 52. Kg2 Qb2+ 53. Kg3 Qc3+ 54. Kg2 Qc2+ 55. Kg3 Qb3+ 56. Kg2 Qc2+ 1/2-1/2

[Event "Vladivostok Meridian op rap"]
[Site "Vladivostok"]
[Date "2014.07.18"]
[Round "3"]
[White "Bocharov, Dmitry"]
[Black "Emeliantsev, Anatoliy"]
[Result "1-0"]
[WhiteElo "2560"]
[BlackElo "2361"]
[PlyCount "112"]
[EventDate "2014.07.18"]
[EventType "swiss (rapid)"]
[EventRounds "11"]
[EventCountry "RUS"]
[SourceTitle "CBM 161 Extra"]
[Source "ChessBase"]
[SourceDate "2014.08.29"]
[SourceVersion "1"]
[SourceVersionDate "2014.08.29"]
[SourceQuality "1"]

1. d4 Nf6 2. c4 g6 3. g3 Bg7 4. Bg2 0-0 5. Nc3 d6 6. Nf3 c5 7. d5 e6 8. 0-0 exd5 9. cxd5 Re8 10. Nd2 a6 11. a4 Nbd7 12. Nc4 Nb6 13. Na3 Bd7 14. Bf4 Nh5 15. Bd2 Rb8 16. e4 Nc8 17. Rb1 b5 18. axb5 axb5 19. b4 cxb4 20. Rxb4 Qa5 21. Qb3 Na7 22. Rb1 Rec8 23. Bf1 f5 24. exf5 Bxf5 25. Rd1 Nf6 26. Ncxb5 Nxb5 27. Rxb5 Rxb5 28. Nxb5 Qd8 29. Bc3 Ng4 30. Bxg7 Bc2 31. Qb4 Bxd1 32. Bb2 Qb6 33. Bd4 Qd8 34. Nxd6 Qf8 35. Qb7 Rc1 36. Qd7 h5 37. Qe6+ Kh7 38. Ne4 Bc2 39. Ng5+ Kh6 40. Nh3 Rd1 41. Be3+ Nxe3 42. Qxe3+ Kh7 43. Ng5+ Kg8 44. Qe6+ Kh8 45. Qe5+ Qg7 46. Qe8+ Qg8 47. Qe5+ Qg7 48. Qb8+ Qg8 49. Qb2+ Qg7 50. Qxc2 Qa1 51. Qc8+ Kg7 52. Ne6+ Kh7 53. Qc7+ Kh8 54. Qd8+ Kh7 55. Qe7+ Kh8 56. Qf8+ Kh7 1-0